Wszystkie miasta w Polsce bez kolei pasażerskiej - Statystyki

Ogólne statystyki
  • Ten quiz został rozwiązany 19 razy
    3 od ostatniego zresetowania
  • Średni wynik to 149 z 454
Statystyki odpowiedzi
Województwo Miasto % Poprawnych
łódzkie Aleksandrów Łódzki
100%
małopolskie Alwernia
100%
lubelskie Annopol
100%
warmińsko-mazurskie Bartoszyce
100%
zachodniopomorskie Borne Sulinowo
100%
opolskie Branice
100%
kujawsko-pomorskie Brześć Kujawski
100%
pomorskie Bytów
100%
zachodniopomorskie Cedynia
100%
zachodniopomorskie Dębno
100%
kujawsko-pomorskie Gąsawa
100%
opolskie Głubczyce
100%
Grabów
100%
mazowieckie Grójec
100%
kujawsko-pomorskie Izbica Kujawska
100%
śląskie Janów
100%
lubelskie Janów Podlaski
100%
kujawsko-pomorskie Kruszwica
100%
Łagów
100%
wielkopolskie Łobżenica
100%
warmińsko-mazurskie Mikołajki
100%
warmińsko-mazurskie Mrągowo
100%
świętokrzyskie Nowa Słupia
100%
kujawsko-pomorskie Nowe
100%
małopolskie Nowe Brzesko
100%
mazowieckie Nowe Miasto
100%
warmińsko-mazurskie Nowe Miasto Lubawskie
100%
mazowieckie Nowe Miasto nad Pilicą
100%
świętokrzyskie Nowy Korczyn
100%
wielkopolskie Obrzycko
100%
wielkopolskie Ostroróg
100%
wielkopolskie Pniewy
100%
świętokrzyskie Połaniec
100%
mazowieckie Pułtusk
100%
Radoszyce
100%
warmińsko-mazurskie Ryn
100%
świętokrzyskie Staszów
100%
lubuskie Strzelce Krajeńskie
100%
kujawsko-pomorskie Strzelno
100%
Szydłów
100%
Turek
100%
Ujście
100%
Uniejów
100%
Więcbork
100%
Żarnów
100%
podkarpackie Baranów Sandomierski
50%
zachodniopomorskie Barlinek
50%
zachodniopomorskie Barwice
50%
łódzkie Bełchatów
50%
lubelskie Bełżyce
50%
mazowieckie Białobrzegi
50%
podkarpackie Bircza
50%
zachodniopomorskie Biskupiec
50%
zachodniopomorskie Bobolice
50%
kujawsko-pomorskie Bobrowniki
50%
mazowieckie Bodzentyn
50%
dolnośląskie Bogatynia
50%
Bolesławiec
50%
łódzkie Bolimów
50%
wielkopolskie Borek Wielkopolski
50%
lubuskie Brody
50%
mazowieckie Brok
50%
podkarpackie Brzozów
50%
małopolskie Chęciny
50%
kujawsko-pomorskie Chełmno
50%
świętokrzyskie Chmielnik
50%
podlaskie Choroszcz
50%
mazowieckie Ciepielów
50%
podkarpackie Cieszanów
50%
wielkopolskie Czarnków
50%
małopolskie Czarny Dunajec
50%
małopolskie Czchów
50%
śląskie Czeladź
50%
wielkopolskie Czerniejewo
50%
zachodniopomorskie Człopa
50%
wielkopolskie Dąbie
50%
małopolskie Dąbrowa Tarnowska
50%
łódzkie Dąbrowice
50%
Daleszyce
50%
świętokrzyskie Stopnica
50%
wielkopolskie | zachodniopomorskie Dobra
50%
wielkopolskie Dobrzyca
50%
wielkopolskie Dolsk
50%
zachodniopomorskie Drawno
50%
podkarpackie Dubiecko
50%
podkarpackie Dynów
50%
Działoszyce
50%
zachodniopomorskie Dziwnów
50%
lubelskie Frampol
50%
warmińsko-mazurskie Frombork
50%
warmińsko-mazurskie Gołdap
50%
kujawsko-pomorskie Golub-Dobrzyń
50%
dolnośląskie Góra
50%
wielkopolskie Gostyń
50%
świętokrzyskie Gowarczów
50%
mazowieckie Iłża
50%
świętokrzyskie Iwaniska
50%
podkarpackie Iwonicz-Zdrój
50%
kujawsko-pomorskie Janowiec Wielkopolski
50%
lubelskie Janów Lubelski
50%
śląskie Jastrzębie-Zdrój
50%
podkarpackie Jawornik Polski
50%
Józefów nad Wisłą
50%
kujawsko-pomorskie Kamień Krajeński
50%
mazowieckie Kazanów
50%
świętokrzyskie Kazimierza Wielka
50%
kujawsko-pomorskie Kcynia
50%
wielkopolskie Kleczew
50%
Kock
50%
świętokrzyskie Koprzywnica
50%
wielkopolskie Kórnik
50%
kujawsko-pomorskie Koronowo
50%
kujawsko-pomorskie Kowal
50%
opolskie Krapkowice
50%
lubelskie Krasnobród
50%
małopolskie Książ Wielki
50%
wielkopolskie Książ Wielkopolski
50%
lubelskie Kurów
50%
dolnośląskie Lądek-Zdrój
50%
mazowieckie Latowicz
50%
śląskie Lędziny
50%
lubuskie Łęknica
50%
małopolskie Limanowa
50%
podlaskie Lipsk
50%
mazowieckie Łomianki
50%
podlaskie Łomża
50%
świętokrzyskie Łopuszno
50%
mazowieckie Łosice
50%
warmińsko-mazurskie Lubawa
50%
mazowieckie Lubowidz
50%
lubuskie Lubsko
50%
wielkopolskie Lwówek
50%
dolnośląskie Lwówek Śląski
50%
mazowieckie Maków Mazowiecki
50%
mazowieckie Marki
50%
podlaskie Michałowo
50%
wielkopolskie Międzychód
50%
wielkopolskie Miejska Górka
50%
wielkopolskie Mieścisko
50%
wielkopolskie Mikstat
50%
warmińsko-mazurskie Miłakowo
50%
warmińsko-mazurskie Miłomłyn
50%
zachodniopomorskie Mirosławiec
50%
warmińsko-mazurskie Młynary
50%
świętokrzyskie Morawica
50%
zachodniopomorskie Moryń
50%
kujawsko-pomorskie Mrocza
50%
małopolskie Mszana Dolna
50%
mazowieckie Mszczonów
50%
małopolskie Myślenice
50%
zachodniopomorskie Myślibórz
50%
mazowieckie Myszyniec
50%
podkarpackie Narol
50%
dolnośląskie Niemcza
50%
małopolskie Niepołomice
50%
lubuskie Nowe Miasteczko
50%
zachodniopomorskie Nowe Warpno
50%
podlaskie Nowogród
50%
małopolskie Nowy Wiśnicz
50%
śląskie Ogrodzieniec
50%
warmińsko-mazurskie Olecko
50%
świętokrzyskie Oleśnica
50%
śląskie Olsztyn
50%
świętokrzyskie Opatów
50%
świętokrzyskie Opatowiec
50%
warmińsko-mazurskie Orzysz
50%
lubuskie Otyń
50%
świętokrzyskie Ożarów
50%
świętokrzyskie Pacanów
50%
kujawsko-pomorskie Pakość
50%
zachodniopomorskie Pełczyce
50%
lubelskie Piaski
50%
łódzkie Piątek
50%
świętokrzyskie Pierzchnica
50%
zachodniopomorskie Polanów
50%
zachodniopomorskie Połczyn-Zdrój
50%
zachodniopomorskie Police
50%
dolnośląskie Polkowice
50%
opolskie Prószków
50%
małopolskie Proszowice
50%
podkarpackie Pruchnik
50%
dolnośląskie Prusice
50%
podkarpackie Przecław
50%
łódzkie Przedbórz
50%
wielkopolskie Przedecz
50%
śląskie Przyrów
50%
mazowieckie Przytyk
50%
zachodniopomorskie Pyrzyce
50%
dolnośląskie Radków
50%
kujawsko-pomorskie Radziejów
50%
podlaskie Rajgród
50%
lubelskie Rejowiec
50%
warmińsko-mazurskie Reszel
50%
wielkopolskie Rychtal
50%
wielkopolskie Rychwał
50%
małopolskie Ryglice
50%
podkarpackie Rymanów
50%
Rzgów
50%
kujawsko-pomorskie Sępólno Krajeńskie
50%
warmińsko-mazurskie Sępopol
50%
zachodniopomorskie Sianów
50%
śląskie Siemianowice Śląskie
50%
mazowieckie Siennica
50%
mazowieckie Sienno
50%
wielkopolskie Sieraków
50%
małopolskie Skała
50%
małopolskie Skalbmierz
50%
mazowieckie Skaryszew
50%
Sobków
50%
mazowieckie Sokołów Podlaski
50%
mazowieckie Solec nad Wisłą
50%
wielkopolskie Sompolno
50%
wielkopolskie Śrem
50%
mazowieckie Stanisławów
50%
mazowieckie Staroźreby
50%
zachodniopomorskie Stepnica
50%
dolnośląskie Stronie Śląskie
50%
zachodniopomorskie Suchań
50%
Sulejów
50%
małopolskie Świątniki Górne
50%
kujawsko-pomorskie Świecie
50%
małopolskie Szczawnica
50%
Szczekociny
50%
śląskie Szczyrk
50%
lubuskie Szlichtyngowa
50%
kujawsko-pomorskie Szubin
50%
mazowieckie Tarczyn
50%
lubelskie Tarnogród
50%
warmińsko-mazurskie Tolkmicko
50%
Trzcińsko-Zdrój
50%
Tuliszkow
50%
Turobin
50%
Tyczyn
50%
Tyszowce
50%
Ulanów
50%
Urzędów
50%
Wąwolnica
50%
Węgorzewo
50%
Węgrów
50%
Wiślica
50%
Witkowo
50%
Wodzisław
50%
Wojcieszów
50%
Wojnicz
50%
Wyszogród
50%
Żabno
50%
Zambrów
50%
Zelów
50%
Złoczew
50%
Żnin
50%
Żuromin
50%
Zwoleń
50%
opolskie Baborów
0%
kujawsko-pomorskie Barcin
0%
opolskie Biała
0%
łódzkie Białaczów
0%
łódzkie Biała Rawska
0%
mazowieckie Bieżuń
0%
warmińsko-mazurskie Bisztynek
0%
podkarpackie Błażowa
0%
mazowieckie Bodzanów
0%
świętokrzyskie Bogoria
0%
solnośląskie Bolków
0%
podlaskie Brańsk
0%
Brzeziny
0%
podkarpackie Brzostek
0%
lubelskie Bychawa
0%
wielkopolskie Chocz
0%
kujawsko-pomorskie Chodecz
0%
podlaskie Ciechanowiec
0%
lubuskie Cybinka
0%
lubelskie Czemierniki
0%
mazowieckie Czerwińsk nad Wisłą
0%
pomorskie Debrzno
0%
małopolskie Dobczyce
0%
mazowieckie Dobre
0%
opolskie Dobrodzień
0%
zachodniopomorskie Dobrzany
0%
kujawsko-pomorskie Dobrzyń nad Wisłą
0%
mazowieckie Drobin
0%
podkarpackie Dukla
0%
pomorskie Dzierzgoń
0%
mazowieckie Gielniów
0%
mazowieckie Glinojeck
0%
mazowieckie Głowaczów
0%
pomorskie Gniew
0%
zachodniopomorskie Golczewo
0%
lubelskie Goraj
0%
warmińsko-mazurskie Górowo Iławeckie
0%
kujawsko-pomorskie Górzno
0%
opolskie Gorzów Śląski
0%
zachodniopomorskie Gościno
0%
lubuskie Gozdnica
0%
wielkopolskie Grabów na Prosną
0%
łódzkie Inowłódz
0%
zachodniopomorskie Ińsko
0%
mazowieckie Jadów
0%
wielkopolskie Jaraczewo
0%
lubuskie Jasień
0%
podlaskie Jedwabne
0%
warmińsko-mazurskie Jeziorany
0%
łódzkie Jeżów
0%
wielkopolskie Jutrosin
0%
mazowieckie Kałuszyn
0%
lubelskie Kamionka
0%
podkarpackie Kańczuga
0%
mazowieckie Karczew
0%
lubuskie Kargowa
0%
lubelskie Kazimierz Dolny
0%
świętokrzyskie Kiernozia
0%
opolskie Kietrz
0%
kujawsko-pomorskie Kikół
0%
warmińsko-mazurskie Kisielice
0%
wielkopolskie Kłecko
0%
świętokrzyskie Klimontów
0%
śląskie Kłobuck
0%
podkarpackie Kołaczyce
0%
podlaskie Kolno
0%
mazowieckie Konstancin-Jeziorna
0%
łódzkie Konstantynów Łódzki
0%
opolskie Korfantów
0%
mazowieckie Kosów Lacki
0%
małopolskie Koszyce
0%
dolnośląskie Kowary
0%
śląskie Koziegłowy
0%
mazowieckie Kozienice
0%
wielkopolskie Koźminek
0%
lubuskie Kożuchów
0%
łódzkie Krośniewice
0%
pomorskie Krynica Morska
0%
podlaskie Krynki
0%
śląskie Krzanowice
0%
wielkopolskie Krzywiń
0%
kujawsko-pomorskie Łabiszyn
0%
kujawsko-pomorskie Łasin
0%
lubelskie Łaszczów
0%
lubelskie Łęczna
0%
podkarpackie Lesko
0%
dolnośląskie Leśna
0%
opolskie Leśnica
0%
warmińsko-mazurskie Lidzbark
0%
warmińsko-mazurskie Lidzbark Warmiński
0%
zachodniopomorskie Lipiany
0%
mazowieckie Lipsko
0%
kujawsko-pomorskie Lubień Kujawski
0%
lubuskie Lubniewice
0%
dolnośląskie Lubomierz
0%
kujawsko-pomorskie Lubraniec
0%
łódzkie Lutomiersk
0%
łódzkie Lututów
0%
Maciejowice
0%
mazowieckie Magnuszew
0%
wielkopolskie Margonin
0%
zachodniopomorskie Maszewo
0%
lubelskie Modliborzyce
0%
mazowieckie Mogielnica
0%
opolskie Niemodlin
0%
kujawsko-pomorskie Nieszawa
0%
dolnośląskie Nowogrodziec
0%
pomorskie Nowy Dwór Gdański
0%
pomorskie Nowy Staw
0%
mazowieckie Odrzywół
0%
lubelskie Opole Lubelskie
0%
mazowieckie Osieck
0%
świętokrzyskie Osiek
0%
łódzkie Osjaków
0%
lubuskie Ośno Lubuskie
0%
lubelskie Ostrów Lubelski
0%
mazowieckie Ostrów Mazowiecka
0%
łódzkie Pajęczno
0%
łódzkie Parzęczew
0%
śląskie Piekary Śląskie
0%
dolnośląskie Pieszyce
0%
śląskie Pilica
0%
podkarpackie Pilzno
0%
świętokrzyskie Pińczów
0%
lubelskie Piszczac
0%
wielkopolskie Pogorzela
0%
lubelskie Poniatowa
0%
dolnośląskie Prochowice
0%
mazowieckie Przasnysz
0%
dolnośląskie Przemków
0%
śląskie Pszów
0%
wielkopolskie Pyzdry
0%
małopolskie Radłów
0%
podkarpackie Radomyśl Wielki
0%
kujawsko-pomorskie Radzyń Chełmiński
0%
wielkopolskie Raszków
0%
łódzkie Rawa Mazowiecka
0%
zachodniopomorskie Resko
0%
mazowieckie Różan
0%
mazowieckie Sanniki
0%
podlaskie Sejny
0%
lubelskie Siedliszcze
0%
podkarpackie Sieniawa
0%
pomorskie Skarszewy
0%
pomorskie Skórcz
0%
lubuskie Sława
0%
wielkopolskie Śmigiel
0%
mazowieckie Sochocin
0%
podkarpackie Sokołów Małpolski
0%
śląskie Sośnicowice
0%
podlaskie Stawiski
0%
wielkopolskie Stawiszyn
0%
lubelskie Stoczek Łukowski
0%
opolskie Strzeleczki
0%
podlaskie Suchowola
0%
lubuskie Sulęcin
0%
wielkopolskie Sulmierzyce
0%
podlaskie Supraśl
0%
podlaskie Suraż
0%
dolnośląskie Świerzawa
0%
dolnośląskie Syców
0%
łódzkie Szadek
0%
Szamocin
0%
dolnośląskie Szczawno-Zdrój
0%
małopolskie Szczcucin
0%
podlaskie Szczuczyn
0%
lubuskie Szprotawa
0%
lubelskie Tomaszów Lubelski
0%
Trzciel
0%
Tuszyn
0%
Tykocin
0%
Ujazd (łódzkie)
0%
Ujazd (opolskie)
0%
Warta
0%
Wąsosz
0%
Wiązów
0%
Wielichowo
0%
Wilamowice
0%
Wiskitki
0%
Wleń
0%
Włodowice
0%
Wojkowice
0%
Wolbórz
0%
Woźniki
0%
Wyrzysk
0%
Wyśmierzyce
0%
Wysoka
0%
Wysokie Mazowieckie
0%
Zabłudów
0%
Zagórów
0%
Zakliczyn
0%
Zakroczym
0%
Zalewo
0%
Zaniemyśl
0%
Żarki
0%
Zawichost
0%
Zawidów
0%
Żelechów
0%
Żerków
0%
Złotoryja
0%
Złoty Stok
0%
Nie znaleziono quizów pasujących do podanych kryteriów
Rozkład punktacji
Procent ludzi z każdym wynikiem
Percentyl według liczby udzielonych odpowiedzi
Twoja historia wyników
Nie rozwiązałeś tego quizu od ostatniego zresetowania